000 01442nam a2200361 c 4500
003 BLK
005 20250514171109.0
008 180413b bul|||||r ||||||| ||bul||
010 _aKNG00024019000
020 _a954-402-036-5
040 _aBLK
041 _aBUL
_cBUL
080 _aБългарски език
_b811.163.2
_x(075.8)
_z811.163.2(075.8)
100 1 _aБояджиев, Тодор Апостолов
_eпърви автор
_9364499
139 _aБояджиев, Тодор Апостолов
_bБ 73
245 1 0 _aСъвременен български език
_bФонетика, Лексикология, Словообразуване, Морфология, Синтаксис : Учебник за студенти от филол. фак. и пед. инст.
_cТодор Апостолов Бояджиев.
257 _aBGR
260 _bПетър Берон
_c1998
_fРусе : Дунав прес
300 _a656 с.
_bсъс сх., табл.
_c24 см
380 _a80
500 _a2 000 тир.
650 4 _aБългарски език
_9246425
653 _aбългарски език
653 _aучебници за ВУЗ
852 _aЦб 197973
_bЦб
852 _bП
_c811.163.2/Б 73 Т
856 4 _qpdf
_u
856 4 _qpdf
_u
942 _cKNG
_n0
_04
944 _aCR
_c15.01.2003
_k30534
_lРадостина Карадакова
944 _aED
_c03.10.2013
944 _aED
_kМ.Я.
999 _c21717
_d21717